LEADER 01145nam a2200277 i 4500 001 000000254550 003 CaOOAMICUS 005 20170609000000.0 008 170609s2010 it u000 u ita u 013 $a233455 020 $a978-88-6030-313-4 040 $aSeMil$bita 100 1 $aGuidorizzi, Giulio,$d<1948- >.$0(OLS)http://semarc/name/13763 245 10$aAi confini dell'anima :$bi Greci e la follia /$cGiulio Guidorizzi. 260 $aMilano :$bRaffaello Cortina,$c2010. 300 $a225 p. ;$c23 cm. 490 0 $aScienza e idee ;$v198 650 4$aFollia.$0(OLS)http://semarc/subject/17249 650 4$aFollia - Grecia antica.$0(OLS)http://semarc/subject/46877 830 0$aScienza e idee ;$v198.$0(OLS)http://semarc/title/5942 850 $aSeMil 852 $aSeMil$W1$xVenegono$y1$m2NA F 198$j241768$B204896$CSeMilBibl$Z2$F218421 $81 961 $aAcquisto: Hoepli 996 $6020$a978-88-6030-313-4$9(OLS)http://semarc/number/277961 996 $6245$aAi confini dell'anima :$bi Greci e la follia$9(OLS)http://semarc/title/411046 996 $6260$aMilano :$bRaffaello Cortina$9(OLS)http://semarc/publisher/31196 LEADER 01076nam a2200253 i 4500 001 000000081174 003 CaOOAMICUS 005 20181106150244.0 008 040108s1981 it u000 u ita u 013 $a53414 040 $aSeMil$bita 100 1 $aBernardi, Ulderico.$0(OLS)http://semarc/name/28358 245 10$aComunità come bisogno :$bIdentità e sviluppo dell'uomo nelle culture locali /$cUlderico Bernardi. 260 $aMilano :$bJaca Book,$c1981. 300 $a133 p. ;$c23 cm. 490 0 $aParole dell'umana avventura ;$v10 650 4$aComunità - Sociologia.$0(OLS)http://semarc/subject/16053 830 0$aParole dell'umana avventura ;$v10.$0(OLS)http://semarc/title/11772 850 $aSeMil 852 $aSeMil$W1$xVenegono$y1$m3N III 768$j237272$B46471$CSeMilBibl$Z2$F48773 $81 961 $aRecupero: Seminario di Seveso 996 $6245$aComunità come bisogno :$bIdentità e sviluppo dell'uomo nelle culture locali$9(OLS)http://semarc/title/128669 996 $6260$aMilano :$bJaca Book$9(OLS)http://semarc/publisher/29781 LEADER 01168nam a2200289 i 4500 001 000000081715 003 CaOOAMICUS 005 20160113000000.0 008 160113s2000 it u000 u ita u 013 $a53955 020 $a88-04-39521-4 040 $aSeMil$bita 100 1 $aHerre, Franz.$0(OLS)http://semarc/name/17518 240 10$aMaria Theresia.$0(OLS)http://semarc/title/129112 245 10$aMaria Teresa :$bil destino di una sovrana /$cFranz Herre. 260 $aMilano :$bMondadori,$c2000. 300 $a368 p. ;$c23 cm. 490 0 $aLe scie 500 $aContiene : Bibliografia essenziale ; Tavola cronologica. 600 04$aMaria Teresa : d'Austria .$0(OLS)http://semarc/subject/46071 830 3$aLe scie.$0(OLS)http://semarc/title/6825 850 $aSeMil 852 $aSeMil$W1$xVenegono$y1$m3U VI 287$j46914$B46914$CSeMilBibl$Z2$F49314 $81 961 $aOmaggio: Altro 996 $6020$a88-04-39521-4$9(OLS)http://semarc/number/62694 996 $6245$aMaria Teresa :$bil destino di una sovrana$9(OLS)http://semarc/title/129111 996 $6260$aMilano :$bMondadori$9(OLS)http://semarc/publisher/30335